000 00674nas a2200241 4500
001 BR0400361
003 BR-BrBNA
005 20231205104245.0
007 ta
008 230509b bl.|||p| |||| 00| 00por d
040 _aBR-BrBNA
_bpor
_cBiblioteca Nacional de Agricultura
041 _a(Pt)
072 _aE71
100 1 _aLopes, M. de R.
100 1 _aPinho, B. de S.
245 1 _aComércio; processo transparente
650 _aMERCADO INTERNACIONAL
650 _aALCA
650 _aAGRONEGÓCIO
773 0 _tAgroanalysis (Brazil)
_xISSN 0100-4298
_g(Sep 2003), v. 23(6) p. 25-27
_wBR0400361
909 _a202311
_bLúcia
_c55
_dLúcia Elande
942 _2AGRIS
_n0
_cANA
999 _c177207
_d177207